000 01035nam a2200289Ia 4500
003 OSt
005 20221005110545.0
006 a|||||r|||| 00| 0
007 ta
008 221004b |||||||| |||| 00| 0 hin d
020 _a8126301296 (hbk)
_cINR 500.00
024 _a36972
037 _bBW/1693, 15/03/2018, Bookwell
_cTextual
040 _aCRL
_cCRL
_bhin
041 _2hin
_ahin
082 _aO1591,3NRO,AA, 152Q4
100 _aराय, प्रतिभा, ले.
245 0 _aआदिभूमि
246 _aĀdibhūmi
250 _aसंस्करण 3
260 _aनई दिल्ली
_bभारतीय ज्ञानपीठ भारत
_c2014
300 _a510पृ0
_ccm.
490 _aराष्ट्रभारती; ग्रन्थांक 645
650 _aउड़िया कहानी
942 _hO1591,3NRO,AA, 152Q4
_cTEXL
_2cc
999 _c1019197
_d1019197